| 000 | 01637cam a2200169 4500500 | ||
|---|---|---|---|
| 005 | 20260111094318.0 | ||
| 041 | _afre | ||
| 042 | _adc | ||
| 100 | 1 | 0 |
_aPichot, Daniel _eauthor |
| 245 | 0 | 0 | _aSamuel Leturcq, La Vie rurale en France au Moyen Âge. xe-xve siècle, Paris, A. Colin, coll. « Cursus », 2004, 184 p., 16 €, isbn 2213619433 |
| 260 | _c2005. | ||
| 500 | _a73 | ||
| 520 | _aRésuméAttestés du Moyen Âge au début du xixe siècle dans le Midi, les contrats de gasaille ne diffèrent guère des baux à cheptel tels qu’on peut les rencontrer dans d’autres régions de France. Généralement d’un bon rapport, ces contrats portent surtout sur les ovins mais peuvent également concerner les animaux de trait et de labour. Les textes édités ici ont été choisis pour donner un aperçu aussi représentatif que possible des gasailles conclues dans les pays d’Aude. | ||
| 520 | _aPresent in the South of France from the Middle Ages till the xixth Century, the type of contract called gasailles was not very different from other leases of livestock which existed in others areas in France. Generally profitable, these contracts essentially concerned ovine livestock, but they could also refer to draught or ploughing animals. The records which we are editing today have been selected to give a representative sample of the contracts called gasailles in the French département of Aude. | ||
| 786 | 0 | _nHistoire & Sociétés Rurales | 23 | 1 | 2005-03-01 | p. 219h-298h | 1254-728X | |
| 856 | 4 | 1 | _uhttps://shs.cairn.info/revue-histoire-et-societes-rurales-2005-1-page-219h?lang=fr&redirect-ssocas=7080 |
| 999 |
_c1628580 _d1628580 |
||